000 00728cam a22002411 4500
001 sa 68012218
003 DLC
005 20260227112608.0
008 711115s1966 pk 000 1 eng
010 _asa 68012218
025 _aPL480:P-E-1229
040 _aDLC
_cDLC
_dDLC
041 1 _aengund
050 0 0 _aPZ4.Y3
_bWi3
_aPL248.Y275
100 0 _aYaşar Kemal,
_d1922-
240 1 0 _aOrtadirek.
_lEnglish
245 1 4 _aThe wind from the plain;
_ba novel from Turkey
_c[by] Yashar Kemal. [Translated into English by Thilda Kemal.
260 _aLahore]
_bAfro-Asian Book Club, Pakistan
_c[1966]
300 _axii, 260 p.
_c19 cm.
350 _aRs6
_a/10
500 _aTranslation of Ortadirek.
651 0 _aTurkey
_xFiction.
999 _c84396
_d84396